000 03284nam a2200385 a 4500
001 ebr10545737
003 CaPaEBR
006 m u
007 cr cn|||||||||
008 101025s2011 vau sb 001 0 eng d
010 _z 2010045288
020 _z9781579223731 (cloth : alk. paper)
020 _z9781579223748 (pbk. : alk. paper)
020 _z9781579226176 (e-book)
040 _aCaPaEBR
_cCaPaEBR
035 _a(OCoLC)779851038
043 _an-us---
050 1 4 _aLB2342.92
_b.M85 2011eb
082 0 4 _a378.1/97089
_222
245 0 0 _aMulticultural student services on campus
_h[electronic resource] :
_bbuilding bridges, re-visioning community /
_cedited by Dafina Lazarus Stewart.
250 _a1st ed.
260 _aSterling, Va. :
_bStylus Pub.,
_c2011.
300 _axi, 323 p.
490 1 _aACPA publication
504 _aIncludes bibliographical references and index.
505 0 _aRemembering our past to shape our future / V. Leilani Kupo -- Historical & philosophical development of multicultural student services / Bettina C. Shuford -- A demographic profile of multicultural student services / Dafina Lazarus Stewart & Brian K. Bridges -- Engaging race in multicultural student services / Lori Patton, Jessica Ranero & Kimberly Everett -- Engaging sexual orientation & gender diversity in multicultural student services / Nicholas Negrete & Christopher Purcell -- Engaging religious & faith diversity in multicultural student services / Jenny L. Small -- Bridging integrated identities to integrated services / Mary Grace Almandrez & Felicia J. Lee -- Multicultural student services at private, liberal arts colleges / Kimberly M. Ferguson & Timeka L. Thomas-Rashid -- Multicultural student services at public institutions / Dorian McCoy -- Multicultural student services at community colleges / Eboni Zamani-Gallaher & Stanley Bazile -- Multicultural student services at minority-serving institutions: historically black institutions / Kevin D. Rome -- Multicultural student services at minority-serving institutions: tribal colleges / Les D. Riding & Robert Longwell-Grice -- Negotiating purpose & context / Becky Petitt & David McIntosh -- Developing collaborations within student affairs / Walter M. Kimbrough & Caretta Cooke -- Developing collaborations with academic affairs / Corinne Maekawa Kodama & Kisa Takesue -- Working with the majority / Jamie Washington -- Preparing diversity change leaders / C. Carney Strange & Dafina Lazarus Stewart -- Multicultural competency & social justice advocacy / Robert Reason & Kenjus T. Watson -- Re-visioning the future of multicultural student services / Kathleen Manning & Frank Michael Mu�noz.
533 _aElectronic reproduction.
_bPalo Alto, Calif. :
_cebrary,
_d2011.
_nAvailable via World Wide Web.
_nAccess may be limited to ebrary affiliated libraries.
650 0 _aMinority college students
_xServices for
_zUnited States.
650 0 _aMinorities
_xEducation (Higher)
_zUnited States.
655 7 _aElectronic books.
_2local
700 1 _aStewart, Dafina Lazarus,
_d1973-
710 2 _aebrary, Inc.
830 0 _aACPA media publication.
856 4 0 _uhttp://site.ebrary.com/lib/rucke/Doc?id=10545737
_zAn electronic book accessible through the World Wide Web; click to view
999 _c248109
_d248109